01889nam a2200421Ia 4500001001200000003000800012006001900020007001500039008004100054010001700095020001800112020002800130020003500158040002100193035002100214050002300235245017400258260004800432300002500480490006100505504005100566533015200617650004300769650004300812650004900855650004900904650004300953650004300996650005301039650005301092655002901145700002301174700002401197710001701221830008801238856012601326999001501452ebr10278592CaPaEBRm u cr cn|||||||||990527s2000 nyua sb 001 0 eng d z 99033379  z9780195131680 z0195131673 (alk. paper) z0195131681 (pbk. : alk. paper) aCaPaEBRcCaPaEBR a(OCoLC)43313420614aGN360b.D89 2000eb00aDynamics in human and primate societiesh[electronic resource] :bagent-based modeling of social and spatial processes /ceditors, Timothy A. Kohler, George J. Gumerman. aNew York :bOxford University Press,c2000. axiii, 398 p. :bill.1 aSanta Fe Institute studies in the sciences of complexity aIncludes bibliographical references and index. aElectronic reproduction.bPalo Alto, Calif. :cebrary,d2009.nAvailable via World Wide Web.nAccess may be limited to ebrary affiliated libraries. 0aSocial evolutionxMathematical models. 0aSocial evolutionxComputer simulation. 0aSocial historyyTo 500xMathematical models. 0aSocial historyyTo 500xComputer simulation. 0aAnimal societiesxMathematical models. 0aAnimal societiesxComputer simulation. 0aSocial behavior in animalsxMathematical models. 0aSocial behavior in animalsxComputer simulation. 7aElectronic books.2local1 aKohler, Timothy A.1 aGumerman, George J.2 aebrary, Inc. 0aProceedings volume in the Santa Fe Institute studies in the sciences of complexity.40uhttp://site.ebrary.com/lib/rucke/Doc?id=10278592zAn electronic book accessible through the World Wide Web; click to view c5041d5041